Vector mechanics for engineers (Record no. 7603)

000 -LEADER
fixed length control field 00565nam a22001931a 4500
001 - CONTROL NUMBER
control field 7603
003 - CONTROL NUMBER IDENTIFIER
control field BD-DhUET
008 - FIXED-LENGTH DATA ELEMENTS--GENERAL INFORMATION
fixed length control field 860915s1962 nyua 000 0 eng d
040 ## - CATALOGING SOURCE
Original cataloging agency DLC
Transcribing agency DLC
Modifying agency BD-DhUET
082 ## - DEWEY DECIMAL CLASSIFICATION NUMBER
Edition number 620.1
Item number BEE/1962
100 1# - MAIN ENTRY--PERSONAL NAME
Personal name Beer, Ferdinand P.
245 10 - TITLE STATEMENT
Title Vector mechanics for engineers
Remainder of title statics
Statement of responsibility, etc. by Ferdinand P. Beer and E Russell Johnston
250 ## - EDITION STATEMENT
Edition statement 2nd ed.
260 ## - PUBLICATION, DISTRIBUTION, ETC. (IMPRINT)
Place of publication, distribution, etc. New York
Name of publisher, distributor, etc. McGraw-Hill
Date of publication, distribution, etc. 1962
300 ## - PHYSICAL DESCRIPTION
Extent xiv, 382p.+various paging
Other physical details ill.
Dimensions 25 cm.
650 #0 - SUBJECT ADDED ENTRY--TOPICAL TERM
Topical term or geographic name as entry element Vector mechanics
700 ## - ADDED ENTRY--PERSONAL NAME
Personal name Johnston, E. Russell
942 ## - ADDED ENTRY ELEMENTS (KOHA)
Koha item type General Book
Holdings
Lost status Koha issues (times borrowed) Source of classification or shelving scheme Damaged status Location (home branch) Koha date last borrowed Shelving location Withdrawn status Price effective from Sublocation or collection (holding branch) Koha normalized classification for sorting Koha item type Piece designation (barcode) Date acquired Not for loan Koha full call number Copy number Koha date last seen
    Central Library, BUET Circulation section 2014-12-11Central Library, BUET620_000000000000000_1BEE1962General Book847082014-12-11 620.1/BEE/196212014-12-11
    Central Library, BUET Circulation section 2014-12-11Central Library, BUET620_000000000000000_1BEE1962General Book848632014-12-11 620.1/BEE/196222014-12-11
    Central Library, BUET Circulation section 2014-12-11Central Library, BUET620_000000000000000_1BEE1962General Book849142014-12-11 620.1/BEE/196232014-12-11
 2  Central Library, BUET2023-12-11Circulation section 2014-12-11Central Library, BUET620_000000000000000_1BEE1962General Book849392014-12-11 620.1/BEE/196242023-12-20
 3  Central Library, BUET2023-12-11Circulation section 2014-12-11Central Library, BUET620_000000000000000_1BEE1962General Book849492014-12-11 620.1/BEE/196252023-12-17